Continuidad y cambio en la historia agraria de Costa Rica

Gespeichert in:
Bibliographische Detailangaben
1. Verfasser: González García, Yamileth
Format: Unbekannt
Sprache:Spanish
Veröffentlicht: San José, Costa Rica Editorial Costa Rica 1985
Ausgabe:1. edición
Schlagworte:
Tags: Tag hinzufügen
Keine Tags, Fügen Sie den ersten Tag hinzu!

MARC

LEADER 000000000a22000000004500
001 000223
008 140603s1985 cr a|||f |||| 00| 0 spa d
020 |a 9977231761 
041 0 |a español 
082 |a 630.972.86 G643c 
100 1 |a González García, Yamileth 
245 1 0 |a Continuidad y cambio en la historia agraria de Costa Rica  |c Yamileth González García 
250 |a 1. edición 
260 |a San José, Costa Rica  |b Editorial Costa Rica  |c 1985 
300 |a 307 páginas  |b mapas 
500 |a número de inscripción 03950, 00941 
650 4 |a AGRICULTURA  |x HISTORIA  |z COSTA RICA 
942 |2 ddc  |c BK 
999 |c 1052  |d 1052